Physical methods in agriculture : Approach to precision and quality
Đã lưu trong:
| Príomhúdar: | |
|---|---|
| Formáid: | Leabhar |
| Teanga: | Undetermined |
| Foilsithe: |
New York
Kluwer Academic
2002
|
| Ábhair: | |
| Clibeanna: |
Cuir Clib Leis
Gan Chlibeanna, Bí ar an gcéad duine leis an taifead seo a chlibeáil!
|
| Thư viện lưu trữ: | Trung tâm Học liệu Trường Đại học Cần Thơ |
|---|
| LEADER | 00521nam a2200193Ia 4500 | ||
|---|---|---|---|
| 001 | CTU_96044 | ||
| 008 | 210402s9999 xx 000 0 und d | ||
| 082 | |a 631 | ||
| 082 | |b B633 | ||
| 100 | |a Blahovec, Jiri | ||
| 245 | 0 | |a Physical methods in agriculture : | |
| 245 | 0 | |b Approach to precision and quality | |
| 245 | 0 | |c Jiri Blahovec | |
| 260 | |a New York | ||
| 260 | |b Kluwer Academic | ||
| 260 | |c 2002 | ||
| 650 | |a Precision farming | ||
| 904 | |i Trúc | ||
| 980 | |a Trung tâm Học liệu Trường Đại học Cần Thơ | ||